000 00578nam a2200229Ia 4500
005 20260320201828.0
008 008 262003s9999 xx 000 0 eng d
037 _aEBOOK
040 _aCRL
040 _beng
040 _cCRL
041 _2eng
041 _aeng
084 _qCRL
100 _aJones
245 0 _aData Quality in the Age of AI: Building a foundation for AI strategy and data culture
260 _bIEEE
856 _uhttps://ieeexplore.ieee.org/servlet/opac?bknumber=10769234
942 _cEBOOK
999 _c1723763
_d1723763